|
|
|
|
| LEADER |
01637nam a2200409Ia 4500 |
| 001 |
EBC3019070 |
| 003 |
MiAaPQ |
| 005 |
20200520144314.0 |
| 006 |
m o d | |
| 007 |
cr cn||||||||| |
| 008 |
090806s2010 nyua sb 001 0 eng d |
| 010 |
|
|
|z 2009031737
|
| 020 |
|
|
|z 9781612098715
|
| 020 |
|
|
|z 9781608761371
|
| 020 |
|
|
|z 1608761371
|
| 035 |
|
|
|a (MiAaPQ)EBC3019070
|
| 035 |
|
|
|a (Au-PeEL)EBL3019070
|
| 035 |
|
|
|a (CaPaEBR)ebr10662877
|
| 035 |
|
|
|a (OCoLC)699507793
|
| 040 |
|
|
|a MiAaPQ
|c MiAaPQ
|d MiAaPQ
|
| 050 |
|
4 |
|a HC110.A4
|b B86 2010
|
| 082 |
0 |
4 |
|a 363.738/746
|2 22
|
| 100 |
1 |
|
|a Burney, Nelson E.
|
| 245 |
1 |
0 |
|a Carbon tax and cap-and-trade tools
|h [electronic resource] :
|b market-based approaches for controlling greenhouse gases /
|c Nelson E. Burney, editor.
|
| 260 |
|
|
|a New York :
|b Nova Science Publishers,
|c c2010.
|
| 300 |
|
|
|a xii, 114 p. :
|b ill. (some col.).
|
| 490 |
1 |
|
|a Climate change and its causes, effects and prediction series
|
| 504 |
|
|
|a Includes bibliographical references and index.
|
| 533 |
|
|
|a Electronic reproduction. Ann Arbor, MI : ProQuest, 2015. Available via World Wide Web. Access may be limited to ProQuest affiliated libraries.
|
| 650 |
|
0 |
|a Emissions trading
|z United States.
|
| 650 |
|
0 |
|a Carbon taxes
|z United States.
|
| 650 |
|
0 |
|a Air quality management
|z United States.
|
| 650 |
|
0 |
|a Greenhouse gas mitigation
|z United States.
|
| 655 |
|
4 |
|a Electronic books.
|
| 710 |
2 |
|
|a ProQuest (Firm)
|
| 830 |
|
0 |
|a Climate change and its causes, effects, and prediction series.
|
| 856 |
4 |
0 |
|u https://ebookcentral.proquest.com/lib/matrademy/detail.action?docID=3019070
|z Click to View
|